000 00523nam a2200181Ia 4500
001 22320
005 20260414150823.0
008 260414t2017||||xx |||||||||||||| ||spa||
041 _aESP
082 _a621.317
_bB72 2017
100 _aBolton, William
_eAUT
245 0 _aMecatrónica :
_bsistemas de control electrónico en la ingeniería mecánica y eléctrica. Un enfoque multidisciplinario
260 _c2017
300 _ax, 651 páginas :
_c24 cm.
650 _aTCA
654 _aCET
942 _cLIB
_dJUS
_fJUS
_2ddc
_n
999 _c22320
_d22320